[Event "TUR-ch U13-U18"]
[Site "Antalya"]
[Date "2020.01.23"]
[Round "8"]
[White "Salli, Muhammed Enes"]
[Black "Karakukcu, Emir"]
[Result "1-0"]
[WhiteElo "1208"]
[BlackElo "1175"]
[PlyCount "119"]
[EventDate "2020.01.19"]
[EventType "swiss"]
[EventRounds "11"]
[EventCountry "TUR"]
[SourceTitle "CBM 195 Extra"]
[Source "ChessBase"]
[SourceDate "2020.05.31"]
[SourceVersion "1"]
[SourceVersionDate "2020.05.31"]
[SourceQuality "1"]

1. e4 c5 2. Nf3 g6 3. c4 Bg7 4. d4 cxd4 5. Nxd4 Nc6 6. Be3 Nf6 7. Nc3 d6 8. Be2 0-0 9. 0-0 Bd7 10. f3 Rc8 11. Rc1 Ne5 12. b3 a6 13. Qe1 Re8 14. Qf2 Qa5 15. Rfd1 Rc7 16. a4 Rec8 17. h3 e6 18. Na2 Nc6 19. Nc2 Qe5 20. Bb6 Qb2 21. Bxc7 Qxa2 22. Bxd6 Qxb3 23. e5 Ne8 24. Rd3 Qxa4 25. Ra3 Qxa3 26. Nxa3 Nxd6 27. exd6 Bd4 28. Rb1 Bxf2+ 29. Kxf2 Na5 30. Ke3 Kf8 31. Kd4 f6 32. Rb6 Rc6 33. Rxc6 Bxc6 34. Kc5 Ke8 35. Kb6 Nb3 36. Kc7 Nc5 37. Nc2 a5 38. Nd4 Na6+ 39. Kb6 a4 40. c5 a3 41. Bxa6 a2 42. Nc2 Ba4 43. Bb5+ Bxb5 44. Kxb5 Kd7 45. Kc4 e5 46. Kd5 e4 47. fxe4 Kd8 48. g4 b6 49. cxb6 Kc8 50. Kc6 a1Q 51. Nxa1 f5 52. exf5 gxf5 53. gxf5 h5 54. Nb3 Kd8 55. b7 Ke8 56. b8Q+ Kf7 57. Nd4 h4 58. d7 Kf6 59. d8Q+ Kg7 60. Qf8+ 1-0

[Event "TUR-chT Clubs"]
[Site "Konya"]
[Date "2019.07.16"]
[Round "1.22"]
[White "Arslan, Hasan Bahadir"]
[Black "Salli, Muhammed Enes"]
[Result "1/2-1/2"]
[WhiteElo "1377"]
[BlackElo "1005"]
[PlyCount "136"]
[EventDate "2019.07.16"]
[EventType "team-swiss"]
[EventRounds "9"]
[EventCountry "TUR"]
[SourceTitle "CBM 191 Extra"]
[Source "ChessBase"]
[SourceDate "2019.09.30"]
[SourceVersion "1"]
[SourceVersionDate "2019.09.30"]
[SourceQuality "1"]
[WhiteTeam "Gambit Dernegi"]
[BlackTeam "Avanos Genclik"]
[WhiteTeamCountry "TUR"]
[BlackTeamCountry "TUR"]

1. e4 c6 2. d4 d5 3. exd5 cxd5 4. Bd3 Nf6 5. h3 e6 6. Bf4 Bd6 7. Bxd6 Qxd6 8. Nf3 Nc6 9. c3 Bd7 10. 0-0 0-0-0 11. Re1 Rhe8 12. Ne5 Qe7 13. b4 a6 14. a4 Na7 15. Qe2 b5 16. axb5 Bxb5 17. Bxb5 axb5 18. Qa2 Kb8 19. Qxa7+ Qxa7 20. Nc6+ Kb7 21. Rxa7+ Kxc6 22. Rxf7 Rd7 23. Rxd7 Kxd7 24. f3 Ra8 25. Kf2 Nh5 26. g4 Nf4 27. Kg3 g5 28. h4 h6 29. hxg5 hxg5 30. Re5 Rg8 31. Nd2 Nd3 32. Re2 Rc8 33. Nb1 Nf4 34. Rh2 Kd6 35. Kf2 Ra8 36. Ke3 Ra1 37. Rb2 Kc6 38. Kd2 Kd6 39. Kc2 Kc6 40. Nd2 Ne2 41. Nb3 Rf1 42. Nc5 Nf4 43. Ra2 Rf2+ 44. Kb3 Rxf3 45. Ra6+ Kc7 46. Nxe6+ Nxe6 47. Rxe6 Rf4 48. Re5 Rxg4 49. Rxd5 Kc6 50. Re5 Rg1 51. Kc2 g4 52. Rc5+ Kb6 53. Rg5 g3 54. Kd2 g2 55. Rg3 Kc6 56. Ke2 Rc1 57. Rxg2 Rxc3 58. Rg5 Rb3 59. Rc5+ Kb6 60. Kd2 Rxb4 61. Kc3 Rb1 62. Rh5 Rc1+ 63. Kb4 Rc4+ 64. Kb3 Rxd4 65. Rh8 Rd7 66. Kb4 Rd4+ 67. Kb3 Kc7 68. Kc3 Rd7 1/2-1/2